| 000 | 00346nam a22001457a 4500 | ||
|---|---|---|---|
| 003 | SGT | ||
| 020 | _a9788123764740 | ||
| 082 |
_a923.154 _bD10P |
||
| 100 | _aPANDEY, VRIJKUMAR | ||
| 245 | _aDESHRATAN DR. RAJENDRA PRASAD | ||
| 260 |
_aINDIA _bNATIONAL BOOK TRUST _c2010 |
||
| 300 | _a231 | ||
| 650 | _aPRIME MINISTER OF INDIA | ||
| 942 |
_2ddc _cBK |
||
| 999 |
_c25992 _d25992 |
||